<?xml version="1.0" encoding="UTF-8"?>
<record
    xmlns:xsi="http://www.w3.org/2001/XMLSchema-instance"
    xsi:schemaLocation="http://www.loc.gov/MARC21/slim http://www.loc.gov/standards/marcxml/schema/MARC21slim.xsd"
    xmlns="http://www.loc.gov/MARC21/slim">

  <leader>01270cam a22003137i 4500</leader>
  <controlfield tag="003">IMU CC</controlfield>
  <controlfield tag="005">20260307143720.0</controlfield>
  <controlfield tag="008">160527s2019    nyu      b    001 0 eng d</controlfield>
  <datafield tag="020" ind1=" " ind2=" ">
    <subfield code="a">9780316380522</subfield>
  </datafield>
  <datafield tag="040" ind1=" " ind2=" ">
    <subfield code="a">IMU CC</subfield>
    <subfield code="b">eng</subfield>
    <subfield code="e">rda</subfield>
  </datafield>
  <datafield tag="041" ind1="0" ind2=" ">
    <subfield code="a">eng</subfield>
  </datafield>
  <datafield tag="082" ind1="0" ind2="4">
    <subfield code="2">23</subfield>
    <subfield code="a">005.8</subfield>
    <subfield code="b">MIT</subfield>
  </datafield>
  <datafield tag="100" ind1=" " ind2=" ">
    <subfield code="a">Mitnick, Kevin</subfield>
    <subfield code="e">author.</subfield>
    <subfield code="9">4436</subfield>
  </datafield>
  <datafield tag="245" ind1="1" ind2="4">
    <subfield code="a">The art of invisibility :</subfield>
    <subfield code="b">the world's most famous hacker teaches you how to be safe in the age of big brother and big data /</subfield>
    <subfield code="c">Kevin Mitnick with Robert Vamosi ; foreword by Mikko Hypponen.</subfield>
  </datafield>
  <datafield tag="260" ind1=" " ind2=" ">
    <subfield code="a">New York :</subfield>
    <subfield code="b">Back Bay Books | Little, Brown and Company,</subfield>
    <subfield code="c">2019.</subfield>
  </datafield>
  <datafield tag="300" ind1=" " ind2=" ">
    <subfield code="a">x, 308 p. ;</subfield>
    <subfield code="c">21 cm.</subfield>
  </datafield>
  <datafield tag="336" ind1=" " ind2=" ">
    <subfield code="a">text</subfield>
    <subfield code="b">txt</subfield>
    <subfield code="2">rdacontent</subfield>
  </datafield>
  <datafield tag="500" ind1=" " ind2=" ">
    <subfield code="a">"Originally published in hardcover by Little, Brown and Company, February 2017"--Title page verso.</subfield>
  </datafield>
  <datafield tag="500" ind1=" " ind2=" ">
    <subfield code="a">"First Back Bay Books trade paperback edition, September 2019"--Title page verso.</subfield>
  </datafield>
  <datafield tag="504" ind1=" " ind2=" ">
    <subfield code="a">Includes bibliographical references (pages 283-298) and index.</subfield>
  </datafield>
  <datafield tag="650" ind1=" " ind2="0">
    <subfield code="a">Internet</subfield>
    <subfield code="x">Security measures.</subfield>
    <subfield code="9">4437</subfield>
  </datafield>
  <datafield tag="650" ind1=" " ind2="0">
    <subfield code="a">Computer security.</subfield>
    <subfield code="9">4054</subfield>
  </datafield>
  <datafield tag="650" ind1=" " ind2="0">
    <subfield code="a">Data protection.</subfield>
    <subfield code="9">4438</subfield>
  </datafield>
  <datafield tag="650" ind1=" " ind2="0">
    <subfield code="a">Securite informatique.</subfield>
    <subfield code="9">4439</subfield>
  </datafield>
  <datafield tag="700" ind1=" " ind2=" ">
    <subfield code="a">Vamosi, Robert</subfield>
    <subfield code="e">author.</subfield>
    <subfield code="9">4440</subfield>
  </datafield>
  <datafield tag="700" ind1=" " ind2=" ">
    <subfield code="a">Hypponen, Mikko</subfield>
    <subfield code="9">4617</subfield>
  </datafield>
  <datafield tag="856" ind1=" " ind2=" ">
    <subfield code="y">BK</subfield>
  </datafield>
  <datafield tag="942" ind1=" " ind2=" ">
    <subfield code="c">BK</subfield>
    <subfield code="2">ddc</subfield>
  </datafield>
  <datafield tag="999" ind1=" " ind2=" ">
    <subfield code="c">10333</subfield>
    <subfield code="d">10333</subfield>
  </datafield>
  <datafield tag="952" ind1=" " ind2=" ">
    <subfield code="0">0</subfield>
    <subfield code="1">0</subfield>
    <subfield code="2">ddc</subfield>
    <subfield code="4">0</subfield>
    <subfield code="7">0</subfield>
    <subfield code="a">IMUU</subfield>
    <subfield code="b">IMUU</subfield>
    <subfield code="c">GEN</subfield>
    <subfield code="d">2025-11-03</subfield>
    <subfield code="e">M/s. T V Enterprises; 414/25-26 Dt.13.10.2025</subfield>
    <subfield code="g">1909.00</subfield>
    <subfield code="l">0</subfield>
    <subfield code="o">005.8 MIT</subfield>
    <subfield code="p">24034</subfield>
    <subfield code="r">2025-11-03 15:41:27</subfield>
    <subfield code="w">2025-11-03</subfield>
    <subfield code="y">BK</subfield>
  </datafield>
  <datafield tag="952" ind1=" " ind2=" ">
    <subfield code="0">0</subfield>
    <subfield code="1">0</subfield>
    <subfield code="2">ddc</subfield>
    <subfield code="4">0</subfield>
    <subfield code="7">0</subfield>
    <subfield code="a">IMUU</subfield>
    <subfield code="b">IMUU</subfield>
    <subfield code="c">GEN</subfield>
    <subfield code="d">2025-11-03</subfield>
    <subfield code="e">M/s. T V Enterprises; 414/25-26 Dt.13.10.2025</subfield>
    <subfield code="g">1909.00</subfield>
    <subfield code="l">0</subfield>
    <subfield code="o">005.8 MIT</subfield>
    <subfield code="p">24035</subfield>
    <subfield code="r">2025-11-03 15:41:27</subfield>
    <subfield code="w">2025-11-03</subfield>
    <subfield code="y">BK</subfield>
  </datafield>
  <datafield tag="952" ind1=" " ind2=" ">
    <subfield code="0">0</subfield>
    <subfield code="1">0</subfield>
    <subfield code="2">ddc</subfield>
    <subfield code="4">0</subfield>
    <subfield code="7">0</subfield>
    <subfield code="a">IMUU</subfield>
    <subfield code="b">IMUU</subfield>
    <subfield code="c">GEN</subfield>
    <subfield code="d">2025-11-03</subfield>
    <subfield code="e">M/s. T V Enterprises; 414/25-26 Dt.13.10.2025</subfield>
    <subfield code="g">1909.00</subfield>
    <subfield code="l">0</subfield>
    <subfield code="o">005.8 MIT</subfield>
    <subfield code="p">24036</subfield>
    <subfield code="r">2025-11-03 15:41:27</subfield>
    <subfield code="w">2025-11-03</subfield>
    <subfield code="y">BK</subfield>
  </datafield>
  <datafield tag="952" ind1=" " ind2=" ">
    <subfield code="0">0</subfield>
    <subfield code="1">0</subfield>
    <subfield code="2">ddc</subfield>
    <subfield code="4">0</subfield>
    <subfield code="7">0</subfield>
    <subfield code="a">IMUU</subfield>
    <subfield code="b">IMUU</subfield>
    <subfield code="c">GEN</subfield>
    <subfield code="d">2025-11-03</subfield>
    <subfield code="e">M/s. T V Enterprises; 414/25-26 Dt.13.10.2025</subfield>
    <subfield code="g">1909.00</subfield>
    <subfield code="l">0</subfield>
    <subfield code="o">005.8 MIT</subfield>
    <subfield code="p">24037</subfield>
    <subfield code="r">2025-11-03 15:41:27</subfield>
    <subfield code="w">2025-11-03</subfield>
    <subfield code="y">BK</subfield>
  </datafield>
  <datafield tag="952" ind1=" " ind2=" ">
    <subfield code="0">0</subfield>
    <subfield code="1">0</subfield>
    <subfield code="2">ddc</subfield>
    <subfield code="4">0</subfield>
    <subfield code="7">0</subfield>
    <subfield code="a">IMUU</subfield>
    <subfield code="b">IMUU</subfield>
    <subfield code="c">GEN</subfield>
    <subfield code="d">2025-11-03</subfield>
    <subfield code="e">M/s. T V Enterprises; 414/25-26 Dt.13.10.2025</subfield>
    <subfield code="g">1909.00</subfield>
    <subfield code="l">0</subfield>
    <subfield code="o">005.8 MIT</subfield>
    <subfield code="p">24038</subfield>
    <subfield code="r">2025-11-03 15:41:27</subfield>
    <subfield code="w">2025-11-03</subfield>
    <subfield code="y">BK</subfield>
  </datafield>
  <datafield tag="952" ind1=" " ind2=" ">
    <subfield code="0">0</subfield>
    <subfield code="1">0</subfield>
    <subfield code="2">ddc</subfield>
    <subfield code="4">0</subfield>
    <subfield code="7">0</subfield>
    <subfield code="a">IMUU</subfield>
    <subfield code="b">IMUU</subfield>
    <subfield code="c">GEN</subfield>
    <subfield code="d">2025-11-03</subfield>
    <subfield code="e">M/s. T V Enterprises; 414/25-26 Dt.13.10.2025</subfield>
    <subfield code="g">1909.00</subfield>
    <subfield code="l">0</subfield>
    <subfield code="o">005.8 MIT</subfield>
    <subfield code="p">24039</subfield>
    <subfield code="r">2025-11-03 15:41:27</subfield>
    <subfield code="w">2025-11-03</subfield>
    <subfield code="y">BK</subfield>
  </datafield>
  <datafield tag="952" ind1=" " ind2=" ">
    <subfield code="0">0</subfield>
    <subfield code="1">0</subfield>
    <subfield code="2">ddc</subfield>
    <subfield code="4">0</subfield>
    <subfield code="7">0</subfield>
    <subfield code="a">IMUU</subfield>
    <subfield code="b">IMUU</subfield>
    <subfield code="c">GEN</subfield>
    <subfield code="d">2025-11-03</subfield>
    <subfield code="e">M/s. T V Enterprises; 414/25-26 Dt.13.10.2025</subfield>
    <subfield code="g">1909.00</subfield>
    <subfield code="l">0</subfield>
    <subfield code="o">005.8 MIT</subfield>
    <subfield code="p">24040</subfield>
    <subfield code="r">2025-11-03 15:41:27</subfield>
    <subfield code="w">2025-11-03</subfield>
    <subfield code="y">BK</subfield>
  </datafield>
  <datafield tag="952" ind1=" " ind2=" ">
    <subfield code="0">0</subfield>
    <subfield code="1">0</subfield>
    <subfield code="2">ddc</subfield>
    <subfield code="4">0</subfield>
    <subfield code="7">0</subfield>
    <subfield code="a">IMUU</subfield>
    <subfield code="b">IMUU</subfield>
    <subfield code="c">GEN</subfield>
    <subfield code="d">2025-11-03</subfield>
    <subfield code="e">M/s. T V Enterprises; 414/25-26 Dt.13.10.2025</subfield>
    <subfield code="g">1909.00</subfield>
    <subfield code="l">0</subfield>
    <subfield code="o">005.8 MIT</subfield>
    <subfield code="p">24041</subfield>
    <subfield code="r">2025-11-03 15:41:27</subfield>
    <subfield code="w">2025-11-03</subfield>
    <subfield code="y">BK</subfield>
  </datafield>
  <datafield tag="952" ind1=" " ind2=" ">
    <subfield code="0">0</subfield>
    <subfield code="1">0</subfield>
    <subfield code="2">ddc</subfield>
    <subfield code="4">0</subfield>
    <subfield code="7">0</subfield>
    <subfield code="a">IMUU</subfield>
    <subfield code="b">IMUU</subfield>
    <subfield code="c">GEN</subfield>
    <subfield code="d">2025-11-03</subfield>
    <subfield code="e">M/s. T V Enterprises; 414/25-26 Dt.13.10.2025</subfield>
    <subfield code="g">1909.00</subfield>
    <subfield code="l">0</subfield>
    <subfield code="o">005.8 MIT</subfield>
    <subfield code="p">24042</subfield>
    <subfield code="r">2025-11-03 15:41:27</subfield>
    <subfield code="w">2025-11-03</subfield>
    <subfield code="y">BK</subfield>
  </datafield>
  <datafield tag="952" ind1=" " ind2=" ">
    <subfield code="0">0</subfield>
    <subfield code="1">0</subfield>
    <subfield code="2">ddc</subfield>
    <subfield code="4">0</subfield>
    <subfield code="7">0</subfield>
    <subfield code="a">IMUU</subfield>
    <subfield code="b">IMUU</subfield>
    <subfield code="c">GEN</subfield>
    <subfield code="d">2025-11-03</subfield>
    <subfield code="e">M/s. T V Enterprises; 414/25-26 Dt.13.10.2025</subfield>
    <subfield code="g">1909.00</subfield>
    <subfield code="l">1</subfield>
    <subfield code="m">2</subfield>
    <subfield code="o">005.8 MIT</subfield>
    <subfield code="p">24043</subfield>
    <subfield code="r">2026-05-05 12:29:22</subfield>
    <subfield code="s">2026-03-17</subfield>
    <subfield code="w">2025-11-03</subfield>
    <subfield code="y">BK</subfield>
  </datafield>
</record>
